Giao tiếp và ứng xử sư phạm Dùng cho giáo viên mầm non
Khái niệm về giao tiếp, ứng xử. Quá trình xã hội hoá trẻ em và những đặc điểm phát triển nhu cầu giao tiếp của trẻ ở tuổi mầm non. ứng xử giữa cô giáo và trẻ em, các bài tập thực hành.
Đã lưu trong:
| Hovedforfatter: | |
|---|---|
| Format: | Bog |
| Sprog: | Vietnamese |
| Udgivet: |
H.
Đại học quốc gia Hà Nội
1997
|
| Fag: | |
| Tags: |
Tilføj Tag
Ingen Tags, Vær først til at tagge denne postø!
|
| Thư viện lưu trữ: | Mạng thư viện Đại học Đà Nẵng |
|---|
| LEADER | 01430nam a2200361 4500 | ||
|---|---|---|---|
| 001 | 000015362 | ||
| 003 | 11740 | ||
| 005 | 20120525160541.0 | ||
| 008 | 120525s1997 viesd | ||
| 020 | |c 14600đ | ||
| 041 | 0 | |a vie | |
| 082 | |a 372.6 |b NG-H | ||
| 100 | 0 | |a Ngô Công Hoàn | |
| 245 | 0 | |a Giao tiếp và ứng xử sư phạm |b Dùng cho giáo viên mầm non |c Ngô Công Hoàn | |
| 260 | |a H. |b Đại học quốc gia Hà Nội |c 1997 | ||
| 300 | |a 207tr. |c 19 cm | ||
| 500 | |a ĐTTS ghi: Đại học sư phạm. Đại học quốc gia Hà Nội | ||
| 520 | |a Khái niệm về giao tiếp, ứng xử. Quá trình xã hội hoá trẻ em và những đặc điểm phát triển nhu cầu giao tiếp của trẻ ở tuổi mầm non. ứng xử giữa cô giáo và trẻ em, các bài tập thực hành. | ||
| 653 | |a giao tiếp | ||
| 653 | |a giáo trình | ||
| 653 | |a mẫu giáo | ||
| 653 | |a phương pháp sư phạm | ||
| 653 | |a ứng xử | ||
| OWN | |a LSP | ||
| AVA | |a UDN50 |b LSP |d 372.6 NG-H |e available |t Error 5001 Not defined in file expand_doc_bib_avail. |f 2 |g 0 |h N |i 0 |k 1 | ||
| 999 | |a From the UDN01 | ||
| AVA | |a UDN50 |b LSP |d 372.6 NG-H |e available |t Error 5001 Not defined in file expand_doc_bib_avail. |f 2 |g 0 |h N |i 0 |k 1 | ||
| TYP | |a Monograph | ||
| TYP | |a Printed language | ||
| 980 | |a Mạng thư viện Đại học Đà Nẵng | ||